Detalles MARC
| 000 -LEADER |
| fixed length control field |
02841nam a2200541Ii 4500 |
| 001 - CONTROL NUMBER |
| control field |
DIGRBN0181 |
| 003 - CONTROL NUMBER IDENTIFIER |
| control field |
NyNyDIG |
| 008 - FIXED-LENGTH DATA ELEMENTS--GENERAL INFORMATION |
| fixed length control field |
160621t20152015sp o 000 0 spa d |
| 006 - FIXED-LENGTH DATA ELEMENTS--ADDITIONAL MATERIAL CHARACTERISTICS |
| fixed length control field |
m o d |
| 007 - PHYSICAL DESCRIPTION FIXED FIELD--GENERAL INFORMATION |
| fixed length control field |
cr ||||||||||| |
| 020 ## - INTERNATIONAL STANDARD BOOK NUMBER |
| International Standard Book Number |
9788416647026 |
| Qualifying information |
(eBook ; |
| -- |
pdf) |
| 020 ## - INTERNATIONAL STANDARD BOOK NUMBER |
| Canceled/invalid ISBN |
9788416345939 |
| 020 ## - INTERNATIONAL STANDARD BOOK NUMBER |
| Canceled/invalid ISBN |
8416345937 |
| 035 ## - SYSTEM CONTROL NUMBER |
| System control number |
(OCoLC)969877046 |
| 040 ## - CATALOGING SOURCE |
| Original cataloging agency |
DGITA |
| Language of cataloging |
eng |
| Description conventions |
rda |
| -- |
pn |
| Transcribing agency |
DGITA |
| 050 14 - LIBRARY OF CONGRESS CALL NUMBER |
| Classification number |
HQ1121 ebook |
| 245 00 - TITLE STATEMENT |
| Title |
Sin género de dudas : |
| Remainder of title |
logros y desafíos del feminismo hoy / |
| Statement of responsibility, etc. |
Rosa María Rodríguez Magda (editora) ; Rosa Cobo, María Luisa Femenías, Alicia Miyares, Victoria Sendón, Elena Simón, Amelia Valcárcel. |
| 250 ## - EDITION STATEMENT |
| Edition statement |
Edición digital. |
| 264 #1 - PRODUCTION, PUBLICATION, DISTRIBUTION, MANUFACTURE, AND COPYRIGHT NOTICE |
| Place of production, publication, distribution, manufacture |
Madrid : |
| Name of producer, publisher, distributor, manufacturer |
Biblioteca Nueva, |
| Date of production, publication, distribution, manufacture, or copyright notice |
2015. |
| 264 #4 - PRODUCTION, PUBLICATION, DISTRIBUTION, MANUFACTURE, AND COPYRIGHT NOTICE |
| Date of production, publication, distribution, manufacture, or copyright notice |
©2015 |
| 300 ## - PHYSICAL DESCRIPTION |
| Extent |
1 online resource (238 pages) |
| 336 ## - CONTENT TYPE |
| Content type term |
text |
| Content type code |
txt |
| Source |
rdacontent |
| 337 ## - MEDIA TYPE |
| Media type term |
computer |
| Media type code |
c |
| Source |
rdamedia |
| 338 ## - CARRIER TYPE |
| Carrier type term |
online resource |
| Carrier type code |
cr |
| Source |
rdacarrier |
| 490 1# - SERIES STATEMENT |
| Series statement |
Colección dossier del siglo XXI ; |
| Volume/sequential designation |
5 |
| 500 ## - GENERAL NOTE |
| General note |
Collected essays. |
| 505 0# - FORMATTED CONTENTS NOTE |
| Formatted contents note |
Introducción / Rosa María Rodríguez Magda -- Desafíos teóricos del feminismo hoy / Rosa María Rodríguez Magda -- Devenir nómade : movimientos sociales y feminismos / Victoria Sendón de León -- El feminismo sitiado : corrientes y debates en la España actual / Rosa María Rodríguez Magda -- La revancha del patriarcado / Alicia Miyares -- Una mirada desde Latinoamérica : feminismos, movimientos de mujeres y postcolonialidad / María Luisa Femenías -- Los dilemas del multiculturalismo / Rosa Cobo -- La ley del agrado / Amelia Valcárcel -- ¿Dónde estás, feminismo? ¿Cambiaste nuestra vidas? / Ma. Elena Simón Rodríguez. |
| 588 0# - SOURCE OF DESCRIPTION NOTE |
| Source of description note |
Online resource; title from PDF title page (Digitalia, viewed October 21, 2016) |
| 650 #0 - SUBJECT ADDED ENTRY--TOPICAL TERM |
| Topical term or geographic name entry element |
Feminism |
| General subdivision |
History. |
| 650 #0 - SUBJECT ADDED ENTRY--TOPICAL TERM |
| Topical term or geographic name entry element |
Feminist theory |
| General subdivision |
History. |
| 650 #0 - SUBJECT ADDED ENTRY--TOPICAL TERM |
| Topical term or geographic name entry element |
Feminists |
| General subdivision |
History. |
| 655 #0 - INDEX TERM--GENRE/FORM |
| Genre/form data or focus term |
Electronic books. |
| 700 1# - ADDED ENTRY--PERSONAL NAME |
| Personal name |
Rodríguez Magda, Rosa María, |
| Relator term |
editor. |
| 700 1# - ADDED ENTRY--PERSONAL NAME |
| Personal name |
Femenías, María Luisa, |
| Relator term |
contributor. |
| 700 1# - ADDED ENTRY--PERSONAL NAME |
| Personal name |
Miyares, Alicia, |
| Relator term |
contributor. |
| 700 1# - ADDED ENTRY--PERSONAL NAME |
| Personal name |
Sendón de León, Victoria, |
| Relator term |
contributor. |
| 700 1# - ADDED ENTRY--PERSONAL NAME |
| Personal name |
Simón Rodríguez, Ma. Elena, |
| Relator term |
contributor. |
| 700 1# - ADDED ENTRY--PERSONAL NAME |
| Personal name |
Valcárcel y Bernaldo de Quirós, Amelia, |
| Relator term |
contributor. |
| 700 12 - ADDED ENTRY--PERSONAL NAME |
| Personal name |
Rodríguez Magda, Rosa María. |
| Title of a work |
Desafíos teóricos del feminismo hoy. |
| 700 12 - ADDED ENTRY--PERSONAL NAME |
| Personal name |
Cobo Bedía, Rosa. |
| Title of a work |
Dilemas del multiculturalismo. |
| 776 08 - ADDITIONAL PHYSICAL FORM ENTRY |
| Relationship information |
Print version: |
| Title |
Sin género de dudas. |
| Place, publisher, and date of publication |
Madrid : Biblioteca Nueva, 2015. |
| International Standard Book Number |
9788416345939 |
| Record control number |
(OCoLC)933229683 |
| 791 2# - |
| -- |
Digitalia (Firm), |
| -- |
distributor. |
| 793 0# - |
| -- |
Digitalia eBook Collection: |
| -- |
Biblioteca Nueva |
| 830 #0 - SERIES ADDED ENTRY--UNIFORM TITLE |
| Uniform title |
Colección dossier del siglo XXI ; |
| Volume/sequential designation |
5. |
| 856 40 - ELECTRONIC LOCATION AND ACCESS |
| Materials specified |
Digitalia Hispánica |
| Uniform Resource Identifier |
<a href="https://www.digitaliapublishing.com/a/40166/">https://www.digitaliapublishing.com/a/40166/</a> |
| 910 ## - USER-OPTION DATA (OCLC) |
| User-option data |
Premium Collection: 2016 |
| 942 ## - ADDED ENTRY ELEMENTS (KOHA) |
| Koha item type |
Recurso Electrónico |